Approaches to Estimation the Farm-level Economic Viability and Sustainability in Agriculture: A literature Review
Odhadovanie ekonomickej udržateľnosti a životaschopnosti farmy sa stalo aktuálnejším pri prepracovávaní spoločnej poľnohospodárskej politiky, ktorá by mala stabilizovať príjem farmy a urobiť životaschopnosť a udržateľnosť poľnohospodárstva (zvyčajne v českých oblastiach, ktoré čelia prírodným obmedz...
Salvato in:
| Autore principale: | |
|---|---|
| Altri autori: | , , |
| Natura: | Capitolo di libro |
| Lingua: | inglese |
| Soggetti: | |
| Tags: |
Nessun Tag, puoi essere il primo ad aggiungerne!!
|
MARC
| LEADER | 00000naa a2200000 4500 | ||
|---|---|---|---|
| 001 | 0257516 | ||
| 005 | 20190809131909.5 | ||
| 041 | 0 | |a eng | |
| 044 | |a CZ | ||
| 245 | 1 | 0 | |a Approaches to Estimation the Farm-level Economic Viability and Sustainability in Agriculture: A literature Review |c Jindřich Spicka, Tomas Hlavsa, Katerina Soukupova, Marie Stolbova |
| 520 | |a Odhadovanie ekonomickej udržateľnosti a životaschopnosti farmy sa stalo aktuálnejším pri prepracovávaní spoločnej poľnohospodárskej politiky, ktorá by mala stabilizovať príjem farmy a urobiť životaschopnosť a udržateľnosť poľnohospodárstva (zvyčajne v českých oblastiach, ktoré čelia prírodným obmedzeniam). Príjem fariem alebo domácností fariem nielen na prežitie, ale aj pre udržateľný rast. Poznatky z 51 štúdií s cieľom poskytnúť komplexnú diskusiu o rôznych spôsoboch, ako merať ekonomickú životaschopnosť a udržateľnosť, aby sa optimálne stanovila podpora príjmu pre poľnohospodárske podniky v oblastiach s prírodnými obmedzeniami. | ||
| 610 | 2 | 0 | |a udržateľnosť fiškálna |
| 610 | 2 | 0 | |a poľnohospodárstvo |
| 610 | 2 | 0 | |a Česko |
| 610 | 2 | 0 | |a farmy rodinné |
| 610 | 2 | 0 | |a farmy |
| 610 | 2 | 0 | |a príjmy |
| 610 | 2 | 0 | |a ukazovatele finančné |
| 610 | 2 | 0 | |a podmienky prírodné |
| 610 | 2 | 0 | |a politika poľnohospodárska |
| 100 | 1 | |a Spicka, Jindřich | |
| 700 | 1 | |a Hlavsa, Tomas | |
| 700 | 1 | |a Soukupova, Katerina | |
| 700 | 1 | |a Stolbova, Marie | |